| 000 | 00741nam a2200217 a 4500 | ||
|---|---|---|---|
| 001 | BRCA_1184 | ||
| 005 | 20190320203323.0 | ||
| 008 | 951102s1995 mx-a---##b---#000-0#spa-# | ||
| 020 | _a9686795065 | ||
| 040 |
_aDLC _cDLC _dDLC |
||
| 041 | _aspaeng | ||
| 050 | 4 |
_aND259.E24 _b.P56 1995 |
|
| 245 | 1 | 0 |
_aUn pintor manierista _bBaltasar de Echave Ibía _cRuiz Gomar ... [et al.] ; edición y prólogo de Francisco Vidargas. |
| 260 |
_aMéxico _bTextos Dispersos Ediciones _c1995 |
||
| 300 |
_a69 p. _bil. _c21 cm. |
||
| 546 | _aTexto en : inglés y español | ||
| 600 | 1 | 4 |
_aEchave Ibía, Baltasar de _d1595? _xCrítica e interpretación _93906 |
| 700 | 1 |
_aRuiz Gomar, Rogelio _93907 |
|
| 700 | 1 |
_aVidargas, Francisco _eed. _93908 |
|
| 942 |
_2lcc _cB |
||
| 999 |
_c1060 _d1060 |
||